| 000 | 01421cam a2200289 i 4500 | ||
|---|---|---|---|
| 003 | EG-ScBUE | ||
| 005 | 20231121111430.0 | ||
| 008 | 100629s2004 ua f b 000 0 ara d | ||
| 017 | _a2004 / 2177 | ||
| 020 | _a9773221318 | ||
| 040 |
_aEG-ScBUE _bara _erda _cEG-ScBUE _dEG-ScBUE |
||
| 043 | _af-ua--- | ||
| 082 | 0 | 4 |
_222 _a962.03 _bع ل ي |
| 100 | 1 |
_917524 _aعلي، صلاح أحمد هريدي، _eمؤلف. |
|
| 245 | 1 | 2 |
_aالجاليات في مدينة الإسكندرية في العصر العثماني (923-1213هـ / 1517-1798م ) : _bدراسات وثائقية من سجلات المحكمة الشرعية / _cد. صلاح أحمد هريدي علي، أستاذ التاريخ الحديث المعاصر، كلية الآداب بدمنهور، جامعة الإسكندرية. |
| 250 | _aالطبعة الأولى. | ||
| 264 | 1 |
_aالقاهرة : _bعين للدراسات والبحوث الإنسانية والإجتماعية، _c2004. |
|
| 300 |
_a217 صفحة ؛ _c24 سم |
||
| 336 |
_2rdacontent _aنص _btxt |
||
| 337 |
_aبدون وسيط _2rdamedia _bn |
||
| 338 |
_aمجلد _bnc _2rdacarrier |
||
| 504 | _aيشتمل علي إرجاعات ببليوجرافية. | ||
| 650 | 7 |
_aالجاليات الأجنبية. _2BUEsh |
|
| 651 | 7 |
_aالإسكندرية (مصر) _xتاريخ _yالعصر العثماني (1517-1914). _2BUEsh |
|
| 655 | _vReading book | ||
| 942 |
_2ddc _cBB |
||
| 999 |
_c14286 _d14286 |
||